000 00473nam a2200193Ia 4500
008 210210b2017 xxu||||| |||| 00| 0 eng d
020 _a9788129149053
041 _aeng
082 _a320.954 MUKC
100 _aMUKHERJEE (Pranab)
245 _aCoalition years 1996-2012
260 _aNew Delhi
_bRupa & Co
_c2017
300 _a278
650 _ayears
650 _aCoalition
650 _a1996-2012
690 _aPolitical Situation & Condition
906 _a071918
999 _c121830
_d121830